| 000 | 00392nam a22001697a 4500 | ||
|---|---|---|---|
| 003 | SGT | ||
| 020 | _a978938918883 | ||
| 082 |
_a617.63 _bO20G |
||
| 100 | _aGhom, Anil Govinrao | ||
| 245 | _aTextbook of Oral Medicine | ||
| 250 | _a4th | ||
| 260 |
_aNew Delhi, India _bJaypee Brothers _c2020 |
||
| 300 | _a1023 | ||
| 650 | _aOral Medicine | ||
| 653 | _aOral Medicine | ||
| 942 |
_2ddc _cBK _021 |
||
| 999 |
_c22809 _d22809 |
||